| 000 | 00449nam a22001457a 4500 | ||
|---|---|---|---|
| 020 | _qHard Cover. | ||
| 040 | _cSINES-NUST. | ||
| 082 |
_a004 _bALI |
||
| 100 |
_aMuhammad Abid Ali. _9106691 |
||
| 245 |
_aDesign and Development of Electric Ducted Fan for Small UAVs / _cAli, Muhammad Abid |
||
| 260 |
_aIslamabad: _bSINES-NUST, _c2022. |
||
| 300 |
_a68 p. : _bill. ; _c35cm. |
||
| 650 | _xMS-Computational Science and Engineering. | ||
| 942 |
_2ddc _cTHE |
||
| 999 |
_c592899 _d592899 |
||